[Event "Blitz 2018"]
[Site "Saint-Petersburg"]
[Date "2018.12.29"]
[Round "8"]
[Board "5"]
[White "Tan Zhongyi (CHN)"]
[Black "Muzychuk Mariya (UKR)"]
[Result "1-0"]
[BlackElo "2395"]
[WhiteElo "2494"]
[LiveChessVersion "1.4.8"]

1. Nf3 {[%clk 0:03:03]} c5 {[%clk 0:03:04]} 2. c4 {[%clk 0:03:03]} Nc6
{[%clk 0:03:05]} 3. d4 {[%clk 0:03:04]} cxd4 {[%clk 0:03:07]} 4. Nxd4
{[%clk 0:03:05]} Nf6 {[%clk 0:03:08]} 5. Nc3 {[%clk 0:03:05]} e6 {[%clk 0:03:09]}
6. a3 {[%clk 0:03:06]} Bc5 {[%clk 0:03:10]} 7. Nb3 {[%clk 0:03:04]} Bb6
{[%clk 0:03:10]} 8. c5 {[%clk 0:02:53]} Bc7 {[%clk 0:03:11]} 9. g3
{[%clk 0:02:53]} b6 {[%clk 0:03:10]} 10. Bg2 {[%clk 0:02:52]} O-O
{[%clk 0:02:56]} 11. O-O {[%clk 0:02:43]} bxc5 {[%clk 0:02:52]} 12. Bxc6
{[%clk 0:02:26]} dxc6 {[%clk 0:02:52]} 13. Qxd8 {[%clk 0:02:27]} Rxd8
{[%clk 0:02:52]} 14. Nxc5 {[%clk 0:02:28]} Be5 {[%clk 0:02:42]} 15. Bg5
{[%clk 0:02:13]} h6 {[%clk 0:02:11]} 16. Bxf6 {[%clk 0:02:13]} Bxf6
{[%clk 0:02:12]} 17. Rfd1 {[%clk 0:02:13]} Rxd1+ {[%clk 0:02:06]} 18. Rxd1
{[%clk 0:02:13]} Rb8 {[%clk 0:01:58]} 19. N3e4 {[%clk 0:02:09]} Be7
{[%clk 0:01:23]} 20. b4 {[%clk 0:02:10]} e5 {[%clk 0:01:23]} 21. Nd6
{[%clk 0:02:02]} Bg4 {[%clk 0:01:24]} 22. f3 {[%clk 0:02:01]} Bh5
{[%clk 0:01:21]} 23. Ndb7 {[%clk 0:01:55]} e4 {[%clk 0:01:16]} 24. g4
{[%clk 0:01:51]} Bg6 {[%clk 0:01:09]} 25. f4 {[%clk 0:01:32]} f5 {[%clk 0:01:08]}
26. h3 {[%clk 0:01:33]} Bf6 {[%clk 0:00:37]} 27. Rd7 {[%clk 0:01:20]} Bb2
{[%clk 0:00:35]} 28. Nd6 {[%clk 0:01:14]} fxg4 {[%clk 0:00:31]} 29. hxg4
{[%clk 0:01:09]} Bxa3 {[%clk 0:00:30]} 30. Ne6 {[%clk 0:00:48]} Bxb4
{[%clk 0:00:24]} 31. Rf7 Kh8 32. Rxg7 {[%clk 0:00:25]} Bxd6 {[%clk 0:00:27]} 33.
Rxg6 {[%clk 0:00:26]} Kg8 {[%clk 0:00:27]} 34. Rxh6 {[%clk 0:00:24]} Kf7
{[%clk 0:00:22]} 35. Kf2 Ke7 36. Ng5 {[%clk 0:00:24]} Kf6 {[%clk 0:00:19]} 37.
Rh7 {[%clk 0:00:14]} Rb2 {[%clk 0:00:16]} 38. e3 {[%clk 0:00:15]} Kg6+
{[%clk 0:00:16]} 39. Kg3 {[%clk 0:00:11]} Bc5 {[%clk 0:00:15]} 40. Rd7
{[%clk 0:00:11]} Bxe3 {[%clk 0:00:16]} 41. Nxe4 {[%clk 0:00:11]} Kh6
{[%clk 0:00:17]} 42. f5 {[%clk 0:00:11]} Bc1 {[%clk 0:00:14]} 43. Kf3
{[%clk 0:00:10]} Rc2 {[%clk 0:00:11]} 44. Rd1 {[%clk 0:00:08]} Bg5
{[%clk 0:00:11]} 45. Rh1+ {[%clk 0:00:10]} Kg7 {[%clk 0:00:12]} 46. Nxg5
{[%clk 0:00:10]} Kf6 {[%clk 0:00:13]} 47. Kf4 {[%clk 0:00:11]} Rf2+
{[%clk 0:00:13]} 48. Nf3 {[%clk 0:00:12]} a5 {[%clk 0:00:13]} 49. Rh6+
{[%clk 0:00:13]} Kg7 {[%clk 0:00:14]} 50. Rxc6 a4 51. Ra6 {[%clk 0:00:15]} Ra2
{[%clk 0:00:17]} 52. Ng5 {[%clk 0:00:13]} a3 {[%clk 0:00:18]} 53. Ke5
{[%clk 0:00:12]} Re2+ {[%clk 0:00:19]} 54. Ne4 {[%clk 0:00:13]} Kh6
{[%clk 0:00:19]} 55. Ra7 Kg6 {[%clk 0:00:20]} 56. f6 {[%clk 0:00:13]} Rb2
{[%clk 0:00:19]} 57. Ra8 {[%clk 0:00:10]} Rg2 {[%clk 0:00:18]} 58. Kf4
{[%clk 0:00:10]} Re2 {[%clk 0:00:17]} 59. Ra7 Kh6 60. Rg7 {[%clk 0:00:10]} Rb2
{[%clk 0:00:19]} 61. f7 {[%clk 0:00:07]} a2 {[%clk 0:00:19]} 62. Kf5
{[%clk 0:00:06]} Rb8 {[%clk 0:00:14]} 63. Nf6 {[%clk 0:00:04]} 1-0

[Event "Blitz 2018"]
[Site "Saint-Petersburg"]
[Date "2018.12.29"]
[Round "8"]
[Board "19"]
[White "Nguyen Thi Mai Hung (VIE)"]
[Black "Paehtz Elisabeth (GER)"]
[Result "1/2-1/2"]
[BlackElo "2366"]
[WhiteElo "2253"]
[LiveChessVersion "1.4.8"]

1. d4 {[%clk 0:03:02]} d6 {[%clk 0:03:03]} 2. Nf3 {[%clk 0:03:02]} g6
{[%clk 0:03:04]} 3. g3 {[%clk 0:03:02]} Bg7 {[%clk 0:03:05]} 4. Bg2
{[%clk 0:03:03]} Nf6 {[%clk 0:03:05]} 5. O-O {[%clk 0:03:03]} O-O
{[%clk 0:03:05]} 6. a4 {[%clk 0:03:04]} Na6 {[%clk 0:03:04]} 7. a5
{[%clk 0:03:02]} c5 {[%clk 0:03:05]} 8. Nc3 {[%clk 0:02:56]} Bd7 {[%clk 0:02:55]}
9. e4 {[%clk 0:02:42]} cxd4 {[%clk 0:02:49]} 10. Nxd4 {[%clk 0:02:43]} Nc5
{[%clk 0:02:48]} 11. Re1 {[%clk 0:02:41]} Rc8 {[%clk 0:02:41]} 12. Be3
{[%clk 0:02:27]} a6 {[%clk 0:02:40]} 13. Qd2 {[%clk 0:02:27]} Ng4
{[%clk 0:02:28]} 14. b4 {[%clk 0:01:55]} Nxe3 {[%clk 0:02:28]} 15. Rxe3
{[%clk 0:01:41]} Ne6 {[%clk 0:02:29]} 16. Nxe6 {[%clk 0:01:38]} Bxe6
{[%clk 0:02:25]} 17. Rb1 {[%clk 0:01:33]} Qc7 {[%clk 0:02:22]} 18. Nd5
{[%clk 0:01:29]} Bxd5 {[%clk 0:02:19]} 19. exd5 {[%clk 0:01:28]} Bh6
{[%clk 0:02:11]} 20. f4 {[%clk 0:01:26]} Bg7 {[%clk 0:02:12]} 21. Kh1
{[%clk 0:01:12]} Bf6 {[%clk 0:02:10]} 22. Re2 {[%clk 0:01:07]} Qc4
{[%clk 0:02:01]} 23. Qd3 {[%clk 0:00:55]} Qxd3 {[%clk 0:01:46]} 24. cxd3
{[%clk 0:00:56]} Rc3 {[%clk 0:01:45]} 25. Be4 {[%clk 0:00:48]} Rfc8
{[%clk 0:01:40]} 26. Kg2 {[%clk 0:00:45]} Bd4 {[%clk 0:01:40]} 27. Bf3
{[%clk 0:00:37]} Kf8 {[%clk 0:01:34]} 28. Rd2 {[%clk 0:00:13]} Ra3
{[%clk 0:01:28]} 29. Be2 {[%clk 0:00:12]} Rcc3 {[%clk 0:01:21]} 30. Kf3
{[%clk 0:00:12]} Rab3 {[%clk 0:01:14]} 31. Rdd1 {[%clk 0:00:13]} f5
{[%clk 0:01:06]} 32. Kg2 {[%clk 0:00:13]} Kf7 {[%clk 0:01:05]} 33. Kf3
{[%clk 0:00:14]} Kf6 {[%clk 0:01:05]} 34. Kg2 {[%clk 0:00:15]} Ra3
{[%clk 0:01:05]} 35. Rd2 {[%clk 0:00:14]} Rcb3 {[%clk 0:00:59]} 36. Rdd1
{[%clk 0:00:15]} Bc3 {[%clk 0:00:55]} 37. d4 {[%clk 0:00:10]} Rxb1
{[%clk 0:00:31]} 38. Rxb1 {[%clk 0:00:11]} Bxd4 {[%clk 0:00:32]} 39. Bc4
{[%clk 0:00:07]} Rc3 {[%clk 0:00:31]} 40. Bf1 {[%clk 0:00:07]} Rc2+
{[%clk 0:00:30]} 41. Kh3 {[%clk 0:00:07]} Bg1 {[%clk 0:00:28]} 42. Bg2
{[%clk 0:00:08]} Bd4 {[%clk 0:00:24]} 43. Bf1 {[%clk 0:00:08]} Rb2
{[%clk 0:00:14]} 44. Rxb2 Bxb2 {[%clk 0:00:15]} 45. b5 {[%clk 0:00:09]} axb5
{[%clk 0:00:14]} 46. Bxb5 {[%clk 0:00:10]} Bc3 {[%clk 0:00:15]} 47. a6
{[%clk 0:00:12]} bxa6 {[%clk 0:00:15]} 48. Bxa6 {[%clk 0:00:13]} g5
{[%clk 0:00:10]} 49. Kg2 {[%clk 0:00:13]} g4 {[%clk 0:00:09]} 50. h3
{[%clk 0:00:14]} gxh3+ {[%clk 0:00:08]} 51. Kxh3 {[%clk 0:00:15]} e5
{[%clk 0:00:09]} 52. Kg2 {[%clk 0:00:15]} e4 {[%clk 0:00:09]} 53. Bc8
{[%clk 0:00:15]} Bd4 {[%clk 0:00:10]} 54. Kf1 {[%clk 0:00:16]} Kg6
{[%clk 0:00:10]} 55. Kg2 {[%clk 0:00:17]} Bc5 {[%clk 0:00:11]} 56. Bd7
{[%clk 0:00:18]} Bb6 {[%clk 0:00:12]} 57. Bc8 {[%clk 0:00:19]} Ba7
{[%clk 0:00:14]} 58. Bd7 {[%clk 0:00:21]} Bd4 {[%clk 0:00:15]} 59. Bc8
{[%clk 0:00:22]} Kf6 {[%clk 0:00:17]} 60. Bd7 {[%clk 0:00:23]} Bc3
{[%clk 0:00:18]} 61. Bc8 {[%clk 0:00:24]} Be1 {[%clk 0:00:19]} 62. Bd7
{[%clk 0:00:24]} h5 {[%clk 0:00:20]} 63. Be8 {[%clk 0:00:25]} h4 {[%clk 0:00:22]}
64. gxh4 {[%clk 0:00:24]} Bxh4 {[%clk 0:00:22]} 65. Bd7 {[%clk 0:00:24]} Be1
{[%clk 0:00:23]} 66. Bc8 {[%clk 0:00:18]} Bd2 {[%clk 0:00:24]} 67. Kg3
{[%clk 0:00:19]} Bc1 {[%clk 0:00:25]} 68. Bd7 {[%clk 0:00:20]} Bb2
{[%clk 0:00:25]} 69. Be6 {[%clk 0:00:20]} Bc3 {[%clk 0:00:26]} 70. Bc8
{[%clk 0:00:20]} Be1+ {[%clk 0:00:27]} 71. Kg2 {[%clk 0:00:21]} Kg6
{[%clk 0:00:24]} 72. Bd7 {[%clk 0:00:22]} Bd2 {[%clk 0:00:19]} 73. Kg3
{[%clk 0:00:23]} Bc1 {[%clk 0:00:20]} 74. Bc8 {[%clk 0:00:24]} Bb2
{[%clk 0:00:21]} 75. Bd7 {[%clk 0:00:24]} Bg7 {[%clk 0:00:21]} 76. Kf2
{[%clk 0:00:22]} Bh6 {[%clk 0:00:14]} 77. Ke3 {[%clk 0:00:23]} Kf6
{[%clk 0:00:15]} 78. Bc8 {[%clk 0:00:24]} Bf8 {[%clk 0:00:15]} 79. Bd7
{[%clk 0:00:25]} Be7 {[%clk 0:00:16]} 80. Bc8 {[%clk 0:00:27]} Bd8
{[%clk 0:00:18]} 81. Bd7 {[%clk 0:00:27]} Ba5 {[%clk 0:00:19]} 82. Bc8
{[%clk 0:00:26]} Bb4 {[%clk 0:00:19]} 83. Bd7 {[%clk 0:00:26]} Ba3
{[%clk 0:00:20]} 84. Kf2 {[%clk 0:00:23]} Bc1 {[%clk 0:00:18]} 85. Kg3
{[%clk 0:00:24]} Kg6 {[%clk 0:00:19]} 86. Bc8 {[%clk 0:00:24]} Bd2
{[%clk 0:00:19]} 87. Bd7 {[%clk 0:00:25]} Be1+ {[%clk 0:00:20]} 88. Kg2
{[%clk 0:00:26]} Bh4 {[%clk 0:00:21]} 89. Bc8 {[%clk 0:00:25]} Bf6
{[%clk 0:00:17]} 90. Kf2 {[%clk 0:00:23]} Bg7 {[%clk 0:00:18]} 91. Ke3
{[%clk 0:00:21]} Bb2 {[%clk 0:00:19]} 92. Kf2 {[%clk 0:00:22]} Kf6
{[%clk 0:00:15]} 93. Bd7 {[%clk 0:00:23]} Bc3 {[%clk 0:00:16]} 94. Ke3
{[%clk 0:00:19]} Bb2 {[%clk 0:00:17]} 95. Kf2 {[%clk 0:00:20]} Kg6
{[%clk 0:00:16]} 96. Be8+ {[%clk 0:00:18]} Kh6 {[%clk 0:00:16]} 97. Bd7
{[%clk 0:00:20]} Kg6 {[%clk 0:00:17]} 98. Be8+ {[%clk 0:00:21]} Kf6
{[%clk 0:00:19]} 99. Bd7 {[%clk 0:00:22]} Bc1 {[%clk 0:00:19]} 100. Kg3
{[%clk 0:00:23]} e3 {[%clk 0:00:20]} 101. Kf3 {[%clk 0:00:24]} e2
{[%clk 0:00:21]} 102. Kxe2 {[%clk 0:00:25]} Bxf4 {[%clk 0:00:22]} 103. Kf3
{[%clk 0:00:24]} Ke5 {[%clk 0:00:24]} 104. Be6 {[%clk 0:00:25]} Bc1
{[%clk 0:00:24]} 105. Bf7 {[%clk 0:00:27]} f4 {[%clk 0:00:24]} 106. Be6
{[%clk 0:00:28]} Kxd5 1/2-1/2

[Event "Blitz 2018"]
[Site "Saint-Petersburg"]
[Date "2018.12.29"]
[Round "8"]
[Board "29"]
[White "Kabanova Ekaterina (RUS)"]
[Black "Michna Marta (GER)"]
[Result "1-0"]
[BlackElo "2433"]
[WhiteElo "2060"]
[LiveChessVersion "1.4.8"]

1. c4 {[%clk 0:03:02]} g6 {[%clk 0:03:02]} 2. Nf3 {[%clk 0:03:02]} Bg7
{[%clk 0:03:03]} 3. d4 {[%clk 0:03:01]} Nf6 {[%clk 0:03:02]} 4. Nc3
{[%clk 0:03:02]} d6 {[%clk 0:03:03]} 5. e4 {[%clk 0:03:02]} O-O {[%clk 0:03:04]}
6. h3 {[%clk 0:03:03]} Nbd7 {[%clk 0:03:04]} 7. Bd3 {[%clk 0:03:04]} e5
{[%clk 0:03:04]} 8. d5 {[%clk 0:03:05]} Nc5 {[%clk 0:02:39]} 9. Bc2
{[%clk 0:03:06]} a5 {[%clk 0:02:41]} 10. g4 {[%clk 0:03:07]} c6 {[%clk 0:02:32]}
11. Be3 {[%clk 0:03:08]} cxd5 {[%clk 0:02:25]} 12. cxd5 {[%clk 0:03:09]} Nfd7
{[%clk 0:02:21]} 13. a3 {[%clk 0:02:45]} a4 {[%clk 0:01:34]} 14. Bxa4
{[%clk 0:02:11]} Nb6 {[%clk 0:01:18]} 15. Bb5 {[%clk 0:01:52]} Bd7
{[%clk 0:01:11]} 16. Be2 {[%clk 0:01:51]} Nba4 {[%clk 0:01:09]} 17. Bxc5
{[%clk 0:01:24]} dxc5 {[%clk 0:00:47]} 18. Nxa4 {[%clk 0:01:12]} Rxa4
{[%clk 0:00:48]} 19. Qc2 {[%clk 0:01:03]} Qa5+ {[%clk 0:00:41]} 20. Kf1
{[%clk 0:01:03]} f5 {[%clk 0:00:40]} 21. gxf5 {[%clk 0:01:04]} gxf5
{[%clk 0:00:42]} 22. exf5 {[%clk 0:00:51]} e4 {[%clk 0:00:39]} 23. Ng5
{[%clk 0:00:46]} Bxf5 {[%clk 0:00:40]} 24. d6 {[%clk 0:00:40]} e3
{[%clk 0:00:38]} 25. Bc4+ {[%clk 0:00:32]} Kh8 {[%clk 0:00:38]} 26. Qe2
{[%clk 0:00:21]} Bg6 {[%clk 0:00:31]} 27. f3 {[%clk 0:00:20]} h6 {[%clk 0:00:32]}
28. Ne6 {[%clk 0:00:21]} Rxc4 {[%clk 0:00:32]} 29. Nxg7 {[%clk 0:00:21]} Rcf4
{[%clk 0:00:31]} 30. Ne6 {[%clk 0:00:15]} Rxf3+ {[%clk 0:00:32]} 31. Kg1
{[%clk 0:00:15]} Rg3+ {[%clk 0:00:32]} 32. Kf2 Rxf2 {[%clk 0:00:33]} 33. Qxf2
{[%clk 0:00:16]} exf2 {[%clk 0:00:34]} 34. d7 {[%clk 0:00:17]} Rd3
{[%clk 0:00:33]} 35. Rad1 {[%clk 0:00:17]} Rxd7 {[%clk 0:00:29]} 36. Rxd7
{[%clk 0:00:18]} Qa6 {[%clk 0:00:27]} 37. Nf4 {[%clk 0:00:12]} Bf5
{[%clk 0:00:27]} 38. Rd5 {[%clk 0:00:09]} Be4 {[%clk 0:00:27]} 39. Rd8+ Kh7
{[%clk 0:00:19]} 40. Re1 {[%clk 0:00:09]} fxe1=Q 1-0

[Event "Blitz 2018"]
[Site "Saint-Petersburg"]
[Date "2018.12.29"]
[Round "8"]
[Board "39"]
[White "Gromova Iulia (RUS)"]
[Black "Strutinskaia Galina (RUS)"]
[Result "1/2-1/2"]
[BlackElo "2346"]
[WhiteElo "2176"]
[LiveChessVersion "1.4.8"]

1. d4 {[%clk 0:03:02]} Nf6 {[%clk 0:03:03]} 2. c4 {[%clk 0:03:03]} e6
{[%clk 0:03:04]} 3. Nf3 {[%clk 0:03:04]} c5 {[%clk 0:03:04]} 4. d5
{[%clk 0:03:03]} b5 {[%clk 0:03:05]} 5. Nbd2 {[%clk 0:02:53]} exd5
{[%clk 0:02:57]} 6. cxd5 {[%clk 0:02:48]} a6 {[%clk 0:02:56]} 7. e4
{[%clk 0:02:47]} d6 {[%clk 0:02:57]} 8. Bd3 {[%clk 0:02:45]} c4 {[%clk 0:02:56]}
9. Bc2 {[%clk 0:02:46]} Be7 {[%clk 0:02:57]} 10. O-O {[%clk 0:02:47]} O-O
{[%clk 0:02:57]} 11. Nd4 {[%clk 0:02:38]} Qb6 {[%clk 0:02:52]} 12. N2f3
{[%clk 0:02:36]} Bg4 {[%clk 0:02:53]} 13. Be3 {[%clk 0:02:35]} Qc7
{[%clk 0:02:52]} 14. h3 {[%clk 0:02:31]} Bh5 {[%clk 0:02:52]} 15. Rc1
{[%clk 0:02:05]} Bg6 {[%clk 0:02:53]} 16. Nd2 {[%clk 0:02:01]} Re8
{[%clk 0:02:54]} 17. f4 {[%clk 0:01:56]} h6 {[%clk 0:02:32]} 18. f5
{[%clk 0:01:57]} Bh7 {[%clk 0:02:33]} 19. g4 {[%clk 0:01:53]} Nbd7
{[%clk 0:02:33]} 20. Nc6 {[%clk 0:01:46]} Bf8 {[%clk 0:02:34]} 21. Bf4
{[%clk 0:01:33]} Nc5 {[%clk 0:02:30]} 22. Re1 {[%clk 0:01:29]} Qb6
{[%clk 0:02:18]} 23. Kh2 {[%clk 0:01:28]} a5 {[%clk 0:02:15]} 24. Qf3
{[%clk 0:01:27]} Nfd7 {[%clk 0:02:08]} 25. Rg1 {[%clk 0:01:16]} f6
{[%clk 0:02:07]} 26. Qg3 {[%clk 0:01:04]} Ne5 {[%clk 0:02:00]} 27. Nxe5
{[%clk 0:01:04]} dxe5 {[%clk 0:02:00]} 28. Be3 {[%clk 0:01:06]} Qd6
{[%clk 0:01:58]} 29. h4 {[%clk 0:01:01]} Be7 {[%clk 0:01:56]} 30. g5
{[%clk 0:01:02]} fxg5 {[%clk 0:01:57]} 31. hxg5 {[%clk 0:01:03]} hxg5
{[%clk 0:01:55]} 32. Bxg5 {[%clk 0:01:01]} Kh8 {[%clk 0:01:54]} 33. Bxe7
{[%clk 0:00:22]} Rxe7 {[%clk 0:01:52]} 34. Qg5 {[%clk 0:00:22]} Ra6
{[%clk 0:01:48]} 35. Rg3 {[%clk 0:00:21]} Qh6+ {[%clk 0:01:49]} 36. Qxh6
{[%clk 0:00:19]} Rxh6+ {[%clk 0:01:49]} 37. Kg2 {[%clk 0:00:20]} Rh4
{[%clk 0:01:46]} 38. Rh1 {[%clk 0:00:20]} Rxh1 39. Kxh1 {[%clk 0:00:21]} g6
{[%clk 0:01:40]} 40. f6 {[%clk 0:00:19]} Rf7 {[%clk 0:01:40]} 41. Rf3
{[%clk 0:00:20]} g5 {[%clk 0:01:41]} 42. Kg2 {[%clk 0:00:17]} Nd3
{[%clk 0:01:41]} 43. Bxd3 {[%clk 0:00:13]} cxd3 {[%clk 0:01:43]} 44. Nb3
{[%clk 0:00:14]} g4 {[%clk 0:01:39]} 45. Rf1 {[%clk 0:00:14]} Bxe4+
{[%clk 0:01:39]} 46. Kg3 {[%clk 0:00:15]} a4 {[%clk 0:01:36]} 47. Nc5
{[%clk 0:00:15]} Bxd5 {[%clk 0:01:32]} 48. Nxd3 {[%clk 0:00:16]} Bc4
{[%clk 0:01:21]} 49. Rh1+ {[%clk 0:00:16]} Kg8 {[%clk 0:01:22]} 50. Nxe5
{[%clk 0:00:17]} Rxf6 {[%clk 0:01:23]} 51. Nxc4 {[%clk 0:00:16]} bxc4
{[%clk 0:01:24]} 52. Rc1 {[%clk 0:00:17]} Rb6 {[%clk 0:01:22]} 53. Rxc4
{[%clk 0:00:17]} Rxb2 {[%clk 0:01:23]} 54. Rxa4 {[%clk 0:00:18]} Kf7
{[%clk 0:01:21]} 55. Kxg4 {[%clk 0:00:17]} Ke6 {[%clk 0:01:22]} 56. Kf4
{[%clk 0:00:18]} Re2 {[%clk 0:01:22]} 57. Kf3 {[%clk 0:00:17]} Re1
{[%clk 0:01:22]} 58. Ke4 Ke5+ 1/2-1/2

[Event "Blitz 2018"]
[Site "Saint-Petersburg"]
[Date "2018.12.29"]
[Round "8"]
[Board "62"]
[White "Bulatova Kamaliya (RUS)"]
[Black "Belova Olga (RUS)"]
[Result "1-0"]
[BlackElo "2059"]
[WhiteElo "2046"]
[LiveChessVersion "1.4.8"]

1. d4 {[%clk 0:03:03]} e6 {[%clk 0:03:03]} 2. Bf4 {[%clk 0:03:03]} d6
{[%clk 0:03:04]} 3. e3 {[%clk 0:03:04]} Nf6 {[%clk 0:03:02]} 4. h3
{[%clk 0:03:05]} Be7 {[%clk 0:03:02]} 5. Nd2 {[%clk 0:03:06]} c6 {[%clk 0:03:03]}
6. Ngf3 {[%clk 0:03:05]} Qa5 {[%clk 0:03:03]} 7. c3 {[%clk 0:03:05]} Nbd7
{[%clk 0:03:03]} 8. Bd3 {[%clk 0:02:58]} b5 {[%clk 0:02:50]} 9. e4
{[%clk 0:02:50]} e5 {[%clk 0:02:46]} 10. dxe5 {[%clk 0:02:45]} dxe5
{[%clk 0:02:30]} 11. Nxe5 {[%clk 0:02:39]} Nxe5 {[%clk 0:02:30]} 12. Bxe5
{[%clk 0:02:40]} Bb7 {[%clk 0:02:22]} 13. O-O {[%clk 0:02:38]} Rd8
{[%clk 0:02:22]} 14. Qe2 {[%clk 0:02:37]} O-O {[%clk 0:02:16]} 15. a4
{[%clk 0:02:32]} bxa4 {[%clk 0:02:10]} 16. Nc4 {[%clk 0:02:16]} Qb5
{[%clk 0:02:05]} 17. Bc7 {[%clk 0:01:49]} Rxd3 {[%clk 0:01:49]} 18. Qxd3
{[%clk 0:01:47]} Ba6 {[%clk 0:01:50]} 19. Rfe1 {[%clk 0:01:03]} Qxc4
{[%clk 0:01:47]} 20. Qxc4 {[%clk 0:01:04]} Bxc4 {[%clk 0:01:47]} 21. Rxa4
{[%clk 0:01:04]} Bb5 {[%clk 0:01:43]} 22. Rxa7 {[%clk 0:01:03]} Bc5
{[%clk 0:01:44]} 23. Raa1 {[%clk 0:01:01]} Re8 {[%clk 0:01:45]} 24. b4
{[%clk 0:00:55]} Bf8 {[%clk 0:01:43]} 25. f3 {[%clk 0:00:46]} h6 {[%clk 0:01:41]}
26. Bb6 {[%clk 0:00:46]} Nd7 {[%clk 0:01:41]} 27. Bd4 {[%clk 0:00:44]} Bd6
{[%clk 0:01:37]} 28. Ra7 {[%clk 0:00:43]} Ne5 {[%clk 0:01:36]} 29. Rea1
{[%clk 0:00:41]} Nc4 {[%clk 0:01:29]} 30. Ra8 {[%clk 0:00:35]} Rxa8
{[%clk 0:01:19]} 31. Rxa8+ {[%clk 0:00:36]} Kh7 {[%clk 0:01:21]} 32. Ra7
{[%clk 0:00:34]} Kg6 {[%clk 0:01:21]} 33. Kf2 {[%clk 0:00:32]} Bb8
{[%clk 0:01:15]} 34. Rb7 {[%clk 0:00:28]} Be5 {[%clk 0:01:08]} 35. g3
{[%clk 0:00:23]} Kf6 {[%clk 0:00:34]} 36. f4 {[%clk 0:00:23]} Bxd4+
{[%clk 0:00:35]} 37. cxd4 {[%clk 0:00:22]} Nd6 {[%clk 0:00:36]} 38. e5+
{[%clk 0:00:22]} 1-0

[Event "Blitz 2018"]
[Site "Saint-Petersburg"]
[Date "2018.12.29"]
[Round "9"]
[Board "2"]
[White "Ju Wenjun (CHN)"]
[Black "Galliamova Alisa (RUS)"]
[Result "1-0"]
[BlackElo "2417"]
[WhiteElo "2558"]
[LiveChessVersion "1.4.8"]

1. d4 {[%clk 0:03:02]} d5 {[%clk 0:03:03]} 2. c4 {[%clk 0:03:03]} dxc4
{[%clk 0:03:04]} 3. Nf3 {[%clk 0:03:04]} b5 {[%clk 0:02:58]} 4. e3
{[%clk 0:02:57]} Nf6 {[%clk 0:02:58]} 5. a4 {[%clk 0:02:57]} b4 {[%clk 0:02:59]}
6. Bxc4 {[%clk 0:02:58]} e6 {[%clk 0:02:59]} 7. O-O {[%clk 0:02:57]} Be7
{[%clk 0:03:00]} 8. b3 {[%clk 0:02:57]} O-O {[%clk 0:02:58]} 9. Bb2
{[%clk 0:02:58]} Bb7 {[%clk 0:02:59]} 10. Nbd2 {[%clk 0:02:59]} c5
{[%clk 0:02:59]} 11. Qe2 {[%clk 0:02:59]} Nbd7 {[%clk 0:02:51]} 12. Rfd1
{[%clk 0:03:00]} a5 {[%clk 0:02:49]} 13. Rac1 {[%clk 0:03:00]} Qb6
{[%clk 0:02:46]} 14. Bd3 {[%clk 0:02:55]} Rac8 {[%clk 0:02:42]} 15. Nc4
{[%clk 0:02:56]} Qa7 {[%clk 0:02:40]} 16. h3 {[%clk 0:02:50]} Rfd8
{[%clk 0:02:39]} 17. Nfe5 {[%clk 0:02:42]} Nxe5 {[%clk 0:02:23]} 18. dxe5
{[%clk 0:02:42]} Nd5 {[%clk 0:02:12]} 19. Qg4 {[%clk 0:02:41]} g6
{[%clk 0:02:02]} 20. h4 {[%clk 0:02:23]} h5 {[%clk 0:01:53]} 21. Qg3
{[%clk 0:02:24]} Kh7 {[%clk 0:01:51]} 22. Nd6 {[%clk 0:02:22]} Bxd6
{[%clk 0:01:41]} 23. exd6 {[%clk 0:02:23]} Qb6 {[%clk 0:01:34]} 24. Qe5
{[%clk 0:02:21]} Nc3 {[%clk 0:01:17]} 25. Rxc3 {[%clk 0:02:12]} bxc3
{[%clk 0:00:50]} 26. Bxc3 {[%clk 0:02:13]} f6 {[%clk 0:00:49]} 27. Qxh5+
{[%clk 0:02:12]} Ra8 1-0

[Event "Blitz 2018"]
[Site "Saint-Petersburg"]
[Date "2018.12.29"]
[Round "9"]
[Board "17"]
[White "Haussernot Cecile (FRA)"]
[Black "Girya Olga (RUS)"]
[Result "0-1"]
[BlackElo "2363"]
[WhiteElo "2233"]
[LiveChessVersion "1.4.8"]

1. e4 c6 2. d4 {[%clk 0:03:03]} d5 {[%clk 0:03:05]} 3. exd5 {[%clk 0:03:04]} cxd5
{[%clk 0:03:06]} 4. Bd3 {[%clk 0:03:04]} Nc6 {[%clk 0:03:08]} 5. c3
{[%clk 0:03:05]} Nf6 {[%clk 0:03:08]} 6. Bf4 {[%clk 0:03:05]} Bg4
{[%clk 0:03:08]} 7. Qb3 {[%clk 0:03:01]} Qd7 {[%clk 0:03:08]} 8. h3
{[%clk 0:02:28]} Bh5 {[%clk 0:03:09]} 9. Nd2 {[%clk 0:02:13]} e6 {[%clk 0:03:08]}
10. Ngf3 {[%clk 0:02:12]} Bd6 {[%clk 0:03:09]} 11. Ne5 {[%clk 0:02:10]} Qc7
{[%clk 0:02:59]} 12. Bb5 {[%clk 0:01:34]} O-O {[%clk 0:02:55]} 13. Bxc6
{[%clk 0:01:35]} bxc6 {[%clk 0:02:56]} 14. Ndf3 {[%clk 0:01:32]} Bxf3
{[%clk 0:02:47]} 15. gxf3 {[%clk 0:01:32]} Nd7 {[%clk 0:02:44]} 16. Nxd7
{[%clk 0:01:25]} Qxd7 {[%clk 0:02:19]} 17. Be3 {[%clk 0:01:11]} Rab8
{[%clk 0:02:13]} 18. Qc2 {[%clk 0:01:12]} Qe7 {[%clk 0:01:54]} 19. h4
{[%clk 0:00:59]} c5 {[%clk 0:01:49]} 20. h5 {[%clk 0:00:58]} cxd4
{[%clk 0:01:47]} 21. Bxd4 {[%clk 0:00:51]} e5 {[%clk 0:01:45]} 22. Be3
{[%clk 0:00:52]} d4 {[%clk 0:01:33]} 23. Bd2 {[%clk 0:00:52]} e4 {[%clk 0:01:04]}
24. fxe4 {[%clk 0:00:50]} Rxb2 {[%clk 0:00:57]} 25. Qd3 {[%clk 0:00:39]} dxc3
{[%clk 0:00:43]} 26. Bxc3 {[%clk 0:00:39]} Bb4 {[%clk 0:00:37]} 27. Bxb4
{[%clk 0:00:26]} Rxb4 {[%clk 0:00:34]} 28. f3 {[%clk 0:00:25]} Qe5
{[%clk 0:00:34]} 29. Rc1 {[%clk 0:00:17]} Qg3+ {[%clk 0:00:35]} 30. Ke2
{[%clk 0:00:17]} Rb2+ {[%clk 0:00:36]} 31. Kd1 {[%clk 0:00:12]} Qg2
{[%clk 0:00:22]} 32. Re1 {[%clk 0:00:13]} Qg5 {[%clk 0:00:21]} 33. Re2
{[%clk 0:00:08]} Rd8 {[%clk 0:00:19]} 34. Rxb2 {[%clk 0:00:05]} Rxd3+
{[%clk 0:00:20]} 35. Ke2 {[%clk 0:00:06]} Rd8 {[%clk 0:00:19]} 36. Rbc2
{[%clk 0:00:06]} Qxh5 {[%clk 0:00:18]} 37. Rc8 {[%clk 0:00:06]} Qh2+
{[%clk 0:00:19]} 38. Kf1 {[%clk 0:00:06]} Qh1+ {[%clk 0:00:19]} 39. Kf2
{[%clk 0:00:07]} Qh2+ {[%clk 0:00:20]} 40. Ke3 {[%clk 0:00:07]} Qd6
{[%clk 0:00:20]} 41. R1c6 {[%clk 0:00:06]} Qd2# {[%clk 0:00:20]} 42. Kd4 0-1